00583 2200217 4500001002100000005001700021008004100038035002400079090001500103100001900118245005600137260003300193300002500226500003100251500001100282650002200293850001500315980001400330985000600344999001500350YOGYA-0209000003371120090227024817.0 ind  0010-020900000033711 a992bSla K aSLAMET MULYANA aKuntala, Sriwijaya dan SuwarnabhumicSlamet Mulyana aJakartabYayasan Idayuc1981 a353 hlmbilusc21 cm aBibliografi : hlm. 333-345 aIndeks aSejarah Indonesia aYOPDYOG(B) a16-9-2006 a1 aP000018582